000 00679nam a2200205Ia 4500
001 13199
003 GE_BSU
008 181216s||||||||xx |||||||||||||| ||und||
040 _cGE_BSU
080 _a631.8(479.223)
100 _aБеридзе,Р.С.
245 _aДостижение науки-производству(опыт применения магниевых удобрении на чайных плантациях)
245 _cРед.А.Г.Трещов
260 _aБатуми
260 _bСабчота Аджара
260 _c1981
300 _a96стр.20см.
653 _aДостижение науки-производству
942 _cBK
999 _c46363
_d46363